000 00838nam a2200217 i 4500
001 22529
003 ES-MaACL
005 20230906152719.0
007 t|
008 021203s1932 sp ||||1| spa d
100 1 _aAlonso Getino, Luis G.
_920331
245 1 0 _aIncendios de conventos en España y supresión de misiones y Colegios españoles en ultramar /
_cpor Luis G. Alonso Getino.
250 _a6ª ed.
260 _aMadrid :
_b[s.n.,
_c1932] (
_fImp. La Rafa)
300 _a132 p., 4 lám. :
_bil., 4 map. ;
_c22 cm.
650 4 _aAnticlericalismo-
_zEspaña-
_y1931-1939.
_9164143
650 4 _aÓrdenes y congregaciones religiosas-
_zEspaña-
_y1931-1939.
_9164144
650 4 _aPersecuciones religiosas-
_zEspaña-
_y1931-1939.
_9164145
650 4 _aMisiones españolas-
_xHistoria.
_9158032
852 _aES-MaACL
_jA-1055
_bR.11131
999 _c22529
_d22529